Normal view
MARC view
Entry Personal Name
001 - CONTROL NUMBER
- control field: 83349
003 - CONTROL NUMBER IDENTIFIER
- control field: dpl
005 - DATE AND TIME OF LATEST TRANSACTION
- control field: 20250725114249.0
008 - FIXED-LENGTH DATA ELEMENTS
- fixed length control field: 250725|| aca||aabn | a|a d
040 ## - CATALOGING SOURCE
- Original cataloging agency: dpl
- Transcribing agency: dpl
100 ## - HEADING--PERSONAL NAME
- Personal name: नंदकिशोर, आचार्य ब्र द्वारा संपादित
670 ## - SOURCE DATA FOUND
- Source citation: Work cat.: (dpl)212617: विद्यालंकार , आचार्य अभयदेव 83348, वैदिक विनय /
